Statistiche per Elenca la formazione - Quiz n°68

Clicka qui per fare il quiz!

Statistiche generali

  • Questo quiz è stato fatto 11 volte
  • Il punteggio medio è 9 su 11

Statistiche sulle risposte

RuoloNazioneCalciatore% Corretto
DifensoreRomaniaȘtefan Radu
100%
PortiereItaliaFederico Marchetti
91%
AttaccanteBrasileFelipe Anderson
91%
AttaccanteGermaniaMiroslav Klose
91%
DifensorePaesi BassiStefan de Vrij
91%
AttaccanteItaliaAntonio Candreva
82%
CentrocampistaItaliaDanilo Cataldi
82%
CentrocampistaArgentinaLucas Biglia
82%
CentrocampistaNigeriaOgenyi Onazi
64%
DifensoreSerbiaDušan Basta
55%
DifensoreArgentinaSantiago Gentiletti
36%

Distribuzione punteggi

Percentile per numero di risposta

Percentuale di utenti per punteggio

I tuoi punteggi nel tempo

Non hai fatto questo quiz